00965nam a2200265Ia 4500003000400000005001700004008004000021020001500061040000700076041000800083082001600091100002700107245003000134260003900164300001000203650002200213650002400235690002200259700003000281906001100311942001200322999001900334952016700353952017900520OSt20231030154314.0210210b2009 xxu||||| |||| 00| 0 eng d a8122900089 cAL aeng a070.43 NEAN aNEAL (James M)9140041 aNewswriting and reporting aDelhibSurjeet Publications,c2009 ax,297 areporting9140042 aNewswriting9140043 aReporting9140044 aBROWN (Suzanne S)9140045 a073674 2ddccBK c123424d123424 001040708JournalismaALbALcJournalismd2021-02-17eHigginbothams (P) Ltd., Mangalore-01.g125.00l0o070.43 NEANp052483r2021-02-17 00:00:00w2021-02-17yBK 001040708JournalismaALbALcJournalismd2021-02-17eSapna Book House Pvt Ltd, K S Rao Road, Mangaloreg225.00l0o070.43 NEANp073674r2021-02-17 00:00:00w2021-02-17yBK